| 000 | 01339nam a2200397 i 4500 | ||
|---|---|---|---|
| 001 | 13081 | ||
| 003 | KOSZ 005 | ||
| 005 | 20220309125955.0 | ||
| 008 | 070614s1970 pl a f f 000 0 pol | ||
| 015 | _aPB 1971/980 | ||
| 040 |
_aWA N _cWA N _dKOSZ 005/ID _dKOSZ 005/HR |
||
| 046 | _k1970 | ||
| 080 | _a62 | ||
| 080 | _a744 | ||
| 080 | _a514.1 | ||
| 100 | 1 |
_aPolański, Stanisław _d(1919-1997) _eAutor |
|
| 245 | 1 | 0 |
_aZastosowania rozwinięć powierzchni w technice / _cStanisław Polański. |
| 260 |
_aWarszawa : _bPaństwowe Wydawnictwo Naukowe, _c1970. |
||
| 300 |
_a183, [1] strony : _bilustracje, errata ; _c24 cm + _eRysunki i tablice : s. 162, [1]. |
||
| 336 |
_aTekst _btxt _2rdacontent |
||
| 337 |
_aBez urządzenia pośredniczącego _bn _2rdamedia |
||
| 338 |
_aWolumin _bnc _2rdacarrier |
||
| 380 | _aKsiążki. | ||
| 388 | _a1901-2000 | ||
| 388 | _a1945-1989 | ||
| 504 | _aBibliografia na stronie [179]. | ||
| 658 | _aInżynieria i technika | ||
| 658 | _aMatematyka | ||
| 650 | 4 | _aBudownictwo | |
| 655 | 4 | _aRysunek techniczny | |
| 650 | 4 | _aGeometria wykreślna | |
| 650 | 4 | _aStereometria | |
| 710 | 2 |
_aPaństwowe Wydawnictwo Naukowe _4pbl. |
|
| 856 |
_uhttp://koha.tu.koszalin.pl/cgi-bin/koha/opac-detail.pl?biblionumber=13081 _yKatalog online BPK |
||
| 942 |
_2UKD _cKS |
||
| 999 |
_c13081 _d13081 |
||